Estadísticas para Personajes de Bob Esponja

Haz click aquí para intentar la prueba.

Estadísticas generales

  • Esta prueba ha sido intentada 1.043 veces
  • La puntuación promedio es 10 de 25

Estadísticas de respuestas

DescripciónPersonaje% Correcto
Su vecino amargadoCalamardo Tentáculos
98%
El mejor amigo de Bob EsponjaPatricio Estrella
98%
La ardilla de TexasArenita Mejillas
85%
El dueño del Crustáceo CrujienteDon Cangrejo
85%
El caracol mascotaGary
81%
El dueño del Cubo de Cebo /
Balde de Carnada
Sheldon J. Plankton
60%
La hija del personaje anteriorPerla Cangrejo
54%
La esposa computadora del
personaje anterior
Karen
52%
El compañero del personaje anteriorChico Percebe
50%
El superhéroe ancianoSirenoman
43%
El salvavidas de la Laguna PegajosaLarry la Langosta
41%
La profesora de La Escuela de BotesSeñora Puff
41%
El fantasma pirataEl Holandés Volador
40%
El rival del personaje anteriorCalamarino Elegante
21%
Los archienemigos de los superhéroesMantarraya
21%
Los archienemigos de los superhéroesBurbuja Sucia
16%
El presidente pirata del Club de AdmiradoresPatchy el Pirata
15%
El loro mascota del personaje anteriorPotty el Loro
13%
El pez presentador de noticiasPerca Perkins
8%
El padre de Bob EsponjaHarold Pantalones Cuadrados
6%
El oficial anaranjadoJohn
6%
La madre de Bob EsponjaMargaret Pantalones Cuadrados
6%
El doctorGill Gilliam
5%
El locutador de varios eventosJohnny Elaine
5%
La oficial moradaNancy
5%

Distribución de puntuación

Porcentaje por número respondido

Porcentaje de gente con cada puntuación

Historial de tus puntuaciones

No has intentado esta prueba.